Legacy of the Lokmanya:the political philosophy of Bal Gangadhar Tilak (Record no. 416095)

000 -LEADER
fixed length control field 00390cam a22001217a 4500
008 - FIXED-LENGTH DATA ELEMENTS--GENERAL INFORMATION
fixed length control field 180718b1956 xxu||||| |||| 00| 0 eng d
082 ## - DEWEY DECIMAL CLASSIFICATION NUMBER
Classification number A99 T45/Sh29
100 ## - MAIN ENTRY--PERSONAL NAME
Personal name Shay, Theodore L.
245 ## - TITLE STATEMENT
Title Legacy of the Lokmanya:the political philosophy of Bal Gangadhar Tilak
Statement of responsibility, etc. by Theodore L. Shay
260 ## - PUBLICATION, DISTRIBUTION, ETC.
Place of publication, distribution, etc. London
Name of publisher, distributor, etc. Oxford
Date of publication, distribution, etc. 1956
300 ## - PHYSICAL DESCRIPTION
Extent xx,215p
650 ## - SUBJECT ADDED ENTRY--TOPICAL TERM
Topical term or geographic name entry element Tilak, Bal Gangadhar, 1856-1920.
Holdings
Withdrawn status Lost status Damaged status Not for loan Permanent Location Current Location Date acquired Full call number Barcode Date last seen Price effective from Koha item type
        Indian Institute of Public Administration Indian Institute of Public Administration 2009-03-12 A99 T45/Sh29 3411 2018-07-21 2018-07-21 Book

Powered by Koha